| 000 | 00896nam a2200277 i 4500 | ||
|---|---|---|---|
| 001 | bg | ||
| 100 | 1 | _aSCHILDT, Herbert | |
| 245 | 1 | 0 |
_aC ++ : _bsztuka programowania / _cHerbert Schildt ; [tł. Marcin Mikas, Marcin Samdulski]. |
| 246 |
_iTyt. oryg.: _aThe art of C ++ |
||
| 260 |
_aGliwice : _b"Helion", _c2005. |
||
| 300 |
_a380 s. ; _c24 cm. |
||
| 500 | _aTyt. oryg.: "The art of C ++". U góry okł. i s. tyt.: osiągnij mistrzostwo w programowaniu wjęzyku C ++. | ||
| 504 | _aIndeks. | ||
| 650 | 9 | _aC++ | |
| 655 | _aPodręczniki | ||
| 700 | 1 |
_aMIKLAS, Marcin. _eTł. |
|
| 700 | 1 |
_aSAMODULSKI, Marcin. _eTł. |
|
| 020 | _a8373616799 | ||
| 040 | _cBPK | ||
| 041 | 1 |
_apol _heng |
|
| 080 | _a004.438(07)A/Z | ||
| 920 | _a83-7361-679-9 | ||
| 942 | _cKS | ||
| 008 | s pl f |000 0 pol | ||
| 999 |
_c45500 _d45500 |
||
| 856 |
_uhttp://koha.tu.koszalin.pl/cgi-bin/koha/opac-detail.pl?biblionumber=45500 _yKatalog online BPK |
||